01495 a2200229 45000010006000000050017000060080041000230030015000640400040000790800031001192450038001500200018001882500012002062640027002183000021002455050816002669420007010825900036010891000019011259990015011449520106011595462020260407155821.0260407a1988 arg spa dAR-UNSa-BCEJYS aAR-UNSa-BCEJYSbspacAR-UNSa-BCEJYS a94:32xHistoria Política10aHistoria de las ideas políticas a84-309-0734-3 a5a. ed. 1aMadrid :bTecnosc1988 a658 p.c23,5 cm. a1. Gerencia y el mundo helenístico – 2. Roma y los comienzos del cristianismo – 3. La Alta Edad Media: un empirismo hipocrático – 4. La Edad Media: el poder pontificio entre los antiguos y los nuevos poderes – 5. El ocaso de la Edad Media (siglo XIV y XV) – 6. La renovación de las ideas en las luchas políticas del siglo XVI – 7. Victorias del absolutismo – 8. Ocaso del absolutismo – 9. El siglo de las luces – 10. El pensamiento revolucionario – 11. Reflexiones sobre la revolución – 12. El movimiento de las ideas políticas hasta 1848 – 13. La posteridad de Hegel y la formación del marxismo – 14. El marxismo – 15. Liberalismo, tradicionalismo, imperialismo (1848-1914). El positivismo político – 16. Socialismo y movimiento revolucionario – 17. El siglo XX. cBK aniveau_biblio:m niveau_hierar:01 aTouchard, Jean c5694d5694 00104070aBCEJYSbBCEJYSc16d2026-04-07l0o94:32 T722pL53275r2026-04-07 15:58:21w2026-04-07yL